000 00273nam a22001217a 4500
008 170503b xxu||||| |||| 00| 0 eng d
041 _aeng
080 _a34
100 _a13
101 _aSHJ
245 _aTRANSNATIONAL LEGAL PROBLEMS
_cSTEINER.H.J
942 _2udc
_cBK
999 _c12577
_d12577